| 000 | 01388pam a2200361 a 4500 | ||
|---|---|---|---|
| 999 |
_c10402 _d10402 |
||
| 001 | 4888975 | ||
| 003 | EG-ScBUE | ||
| 005 | 20210131121113.0 | ||
| 008 | 930802s1995 enk f 000 1 eng d | ||
| 020 | _a9780552137478 | ||
| 020 | _a0552137472 | ||
| 040 |
_aDLC _beng _erda _cDLC _dDLC _dOCoLC _dDLC _dEG-ScBUE |
||
| 043 | _an-us-ca | ||
| 082 | 0 | 4 |
_a813.54 _bSTE _222 |
| 100 | 1 |
_aSteel, Danielle, _eauthor. |
|
| 245 | 1 | 0 |
_aAccident / _cDanielle Steel. |
| 264 | 1 |
_aLondon : _bCorgi Books, _c1995. |
|
| 300 |
_a414 pages ; _c18 cm |
||
| 336 |
_2rdacontent _atext _btxt |
||
| 337 |
_2rdamedia _aunmediated _bn |
||
| 338 |
_2rdacarrier _avolume _bnc |
||
| 650 | 7 |
_aTraffic accidents _xFiction. _2BUEsh |
|
| 650 | 7 |
_aTeenagers _xFiction. _2BUEsh |
|
| 651 | 7 |
_aSan Francisco (Calif.) _xFiction. _2BUEsh _939116 |
|
| 653 |
_bHHUUEENN _cJanuary2021 |
||
| 655 | 7 |
_aDomestic fiction. _2lcsh _vReading book |
|
| 655 | 7 |
_aLove stories. _2gsafd _vReading book |
|
| 856 | 4 | 1 |
_3Sample text _uhttp://www.loc.gov/catdir/samples/random051/93031272.html |
| 856 | 4 | 2 |
_3Publisher description _uhttp://www.loc.gov/catdir/description/random0414/93031272.html |
| 856 | 4 | 2 |
_3Contributor biographical information _uhttp://www.loc.gov/catdir/enhancements/fy0703/93031272-b.html |
| 942 |
_2ddc _cBB |
||